000 00772nam a2200265 i 4500
001 C2-0276700
003 PPAK
005 20180728005031.0
008 061204s2005 my a|||| ||||| | may d
020 _a9833326498
040 _aPPAK
_beng
_cPPAK
_erda
082 0 4 _a499.2386
_223
090 0 0 _a499.2386
_bBUR
_dK
245 0 0 _aBurung yang bodoh
264 1 _aBatu Caves, Selangor :
_bEarly Learner Publications ,
_c2005
300 _a16 pages :
_bcolour illustrations ;
_c26 cm
336 _2rdacontent
_atext
337 _2rdamedia
_aunmediated
338 _2rdacarrier
_avolume
490 1 _aTulisan besar senang dibaca
500 _ateks dalam tulisan jawi
650 1 0 _aBahasa Malaysia - Readers.
830 0 _aTulisan besar senang dibaca
942 _ddc
_cB
999 _c84105
_d84105